World English

保存先:
書誌詳細
フォーマット: 図書
言語:Undetermined
出版事項: Orlando, FL Harcourt, Brace International 1981
主題:
タグ: タグ追加
タグなし, このレコードへの初めてのタグを付けませんか!
Thư viện lưu trữ: Trung tâm Học liệu Trường Đại học Cần Thơ
LEADER 00530nam a2200181Ia 4500
001 CTU_125619
008 210402s9999 xx 000 0 und d
082 |a 428.007 
082 |b W927/T3 
245 0 |a World English 
245 0 |c Edited by Peter Javanovich and Christopher Morris 
260 |a Orlando, FL 
260 |b Harcourt, Brace International 
260 |c 1981 
650 |a English language 
650 |x Foreign speakers,Study and teaching 
904 |i Minh 
980 |a Trung tâm Học liệu Trường Đại học Cần Thơ